000
00264nam a2200109Ia 4500
008
220204s9999 xx 000 0 und d
082
_a
82-3MB
_b
LIN
100
_a
Lindsay, Rachel
245
0
_a
Prince for sale
260
_a
London
_b
Mills and Boon
_c
1975
942
_c
BK
999
_c
33171
_d
33171